| 000 | 00000nam##2200000za#4500 |
| 001 | 9.671056 |
| 003 | CaOODSP |
| 005 | 20220404161149 |
| 007 | ta |
| 008 | 150407|2009||||xxc||||| f|0| 0 fre|d |
| 020 | |a978-0-662-06603-3 |
| 040 | |aCaOODSP|bfre |
| 041 | |aeng |
| 041 | |afre |
| 043 | |an-cn--- |
| 086 | 1 |aCC394-3/2009 |
| 110 | 2 |aSociété d'assurance-dépôts du Canada. |
| 245 | 10|aProtection de vos dépôts : |bde 1 $ jusqu'à 100 000 $ |
| 260 | |aOttawa - Ontario : |bSociété d'assurance-dépôts du Canada |cJuin 2009. |
| 300 | |aTexte français, [5]p. : |btableau, photographies ; |c23 cm. |
| 563 | |aDépliant |
| 590 | |a09-26|b2009-06-26 |
| 776 | 0#|tProtecting your deposits : |w(CaOODSP)9.692333 |
| 776 | 0#|tProtection de vos dépôts : |w(CaOODSP)9.636600 |
| 791 | |tProtecting your deposits : |eeng|w(CaOODSP)9.671055 |